000 01055nam a2200229 a 4500
001 000352105
003 AM-YeHGA
005 20250618072211.0
008 040716s1901 ru |||||r|||||||||0|rus|d
040 _aAM-YeHGA
041 0 _arus
100 1 _aԱդոնց, Նիկողայոս Գևորգի
_d1871-1942
_99379
245 1 1 _a"Начальная история Армении" у Себеоса в ея отношениях к трудам Моисея Хоренскаго и Факста Византийскаго /
_cН. Адонц.
260 _aСанкт-Петербург :
_bТип. Имп. Акад. наук,
_c1901.
300 _a42 с. ;
_c23 см.
500 _aКн. без обл. и тит. л. - Описана по 1-й с. текста.
500 _aОттиск из VIII т., № 1 и 2 "Византийскаго Временника" 1901 г.
504 _aБиблиогр. в подстроч. примеч.
650 1 4 _aИстория армянского народа
_95523
942 _2udc
_cBK
090 _c136166
999 _c134798
_d134798